The science of renewable energy / (Record no. 355258)

000 -LEADER
fixed length control field 00979cam a2200277 a 4500
001 - CONTROL NUMBER
control field 16762701
003 - CONTROL NUMBER IDENTIFIER
control field Nust- CAS-E
005 - DATE AND TIME OF LATEST TRANSACTION
control field 20180118181355.0
008 - FIXED-LENGTH DATA ELEMENTS--GENERAL INFORMATION
fixed length control field 110504s2011 flua b 001 0 eng
010 ## - LIBRARY OF CONGRESS CONTROL NUMBER
LC control number 2011018875
020 ## - INTERNATIONAL STANDARD BOOK NUMBER
International Standard Book Number 9781439825020
040 ## - CATALOGING SOURCE
Original cataloging agency DLC
Transcribing agency DLC
Modifying agency DLC
042 ## - AUTHENTICATION CODE
Authentication code pcc
050 00 - LIBRARY OF CONGRESS CALL NUMBER
Classification number TJ808
Item number .S685 2011
082 00 - DEWEY DECIMAL CLASSIFICATION NUMBER
Classification number 621.042
Edition number 23
Author Mark SPE 2011
100 1# - MAIN ENTRY--PERSONAL NAME
Personal name Spellman, Frank R.
245 14 - TITLE STATEMENT
Title The science of renewable energy /
Statement of responsibility, etc. authors, Frank Spellman, Revonna Bieber.
260 ## - PUBLICATION, DISTRIBUTION, ETC.
Place of publication, distribution, etc. Boca Raton, FL :
Name of publisher, distributor, etc. Taylor & Francis,
Date of publication, distribution, etc. 2011.
300 ## - PHYSICAL DESCRIPTION
Extent xix, 317 p. :
Other physical details ill. ;
Dimensions 26 cm.
504 ## - BIBLIOGRAPHY, ETC. NOTE
Bibliography, etc. note Includes bibliographical references and index.
650 #0 - SUBJECT ADDED ENTRY--TOPICAL TERM
Topical term or geographic name entry element Renewable energy sources.
700 1# - ADDED ENTRY--PERSONAL NAME
Personal name Bieber, Revonna M.,
Dates associated with a name 1976-
906 ## - LOCAL DATA ELEMENT F, LDF (RLIN)
a 7
b cbc
c orignew
d 1
e ecip
f 20
g y-gencatlg
942 ## - ADDED ENTRY ELEMENTS (KOHA)
Source of classification or shelving scheme
Koha item type Book
Holdings
Withdrawn status Lost status Source of classification or shelving scheme Damaged status Not for loan Permanent Location Current Location Shelving location Date acquired Source of acquisition Total Checkouts Full call number Barcode Date last seen Cost, replacement price Price effective from Koha item type
          US-Pakistan Center for Advanced Studies in Energy (USPCAS-E) US-Pakistan Center for Advanced Studies in Energy (USPCAS-E) General Stacks 04/15/2013 Victoria co   621.042 SPE 2011 CAS-E0000128 02/21/2014 11035.00 02/21/2014 Book
© 2023 Central Library, National University of Sciences and Technology. All Rights Reserved.